Inšpiruje ma vlastné detstvo hovorí autorka kníh pre deti Gabriela Futová

Bibliographic Details
Main Authors: Muchová, Eva (ain), Futová, Gabriela, 1971- (Author, uin)
Format: Article
Language:Slovak
PhysicalDescription:Fotogr.
ISSN:1210-1982
Subjects:

MARC

LEADER 00000nab a2200000 a 4500
001 vtls000879059
003 SK-MaSNL
005 20260302170154.0
008 160314c2004 xo 0 slo
015 |a SNBRB2004/07-21290 
035 |a CLN000230604 
040 |a SNKBUCL  |b slo  |c SNKBUCL  |e AACR2 
041 0 |a slo 
044 |a xo  |c SK 
080 |a 82:929:821.162.4  |2 UDC-MRF-SK2 
080 |a 929 Futová, Gabriela  |2 UDC-MRF-SK2 
080 |a 821.162.4:929  |2 UDC-MRF-SK2 
100 1 |a Muchová, Eva  |4 ain  |9 619218 
245 1 0 |a Inšpiruje ma vlastné detstvo  |b hovorí autorka kníh pre deti Gabriela Futová  |c pripravila Eva Muchová 
300 |b Fotogr. 
600 1 7 |a Futová, Gabriela,  |d 1971-  |2 snkbucl  |9 100455 
700 1 |a Futová, Gabriela,  |d 1971-  |4 aut  |4 uin  |9 100455 
773 0 |x 1210-1982  |t Knižná revue  |g Roč. 14, č. 9 (2004), s. 12 
850 |a Slovenská národná knižnica v Martine 
852 |a SNK  |b KIS3GCP 
958 |a BX 
958 |a LX 
958 |a RBX 
999 |c 1392021  |d 1393951